000 00974cam a2200229 4500
001 WB3811-27
008 020319n2002 000 0 eng u
035 _a(Sirsi) u117162
245 _aPlanning corruption rife
260 _c2002
490 _aEstates Gazette
_v(0211) 16 March 2002, 29(1)
520 _aPolice reveal the extent of planning corruption amongst local authorities following the planning scandal at Doncaster council. Yorkshire developer Alan Hughes received a five year sentence for bribing councillors to back a housing development on his land against planning guidelines. During their inquiries, police visited other regions where similar corruption allegations had been made.
590 _aWB
650 _aCORRUPTION
650 _aDONCASTER
650 _aYORKSHIRE
650 _aFRAUD
650 _aPLANNING PRACTICE
650 _aLOCAL AUTHORITIES
690 _aENVIRONMENTAL AND LAND CONSULTANCY-PLANNING AND DEVELOPMENT
942 _n0
999 _c69800
_d69800